000 01089nam1a22003131 4500
001 RU\NLR\A1SV\124711
005 20251203171251.9
035 _a(NLR Aleph) 010445372
090 _a9906232
_c9906232
100 _a20131219d1918 u y0rusy50 ca
101 0 _arus
102 _aRU
200 1 _aТяжелый крест
210 _aПг.
_cРазвлечение
_d[1918]
215 _d19 см
300 _aБез тит. л.
300 _aНа 4-й с. обл.: Полный роман Антонио Порро 36 выпусков
300 _aВероятно роман написан в 1916-18 гг. в России группой "лит. негров". Антонио Порро является персонажем романа
300 _aВып.1-4 изд. в 1917 г.
620 _dСанкт-Петербург
702 1 _aПорро
_bА.
_gАнтоний
801 0 _aRU
_bNLR
_c20131219
852 _aNLR
_j17.123.4.11
852 _aNLR
_j129/5577
899 _aРГБ
_z(вып.2-11, 13-14)
942 _cBOOK
980 _aNB
980 _aA1SV